Enseñanza de directores de industrias químicas / Escuela Industrial de Barcelona, Laboratorio de Estudios Superiores de Química

por Escola Industrial de Barcelona

Publicado: [Barcelona : Oliva de Vilanova, impr , 1915
Descripción Física: [8] p. ; 26 cm

MARC

LEADER 00000nam a2200000Ia 4500
001 16164
008 160829s1915] xx 000 0 cat d
080 |a RF-14-24 
100 |a Escola Industrial de Barcelona 
245 |a Enseñanza de directores de industrias químicas / Escuela Industrial de Barcelona, Laboratorio de Estudios Superiores de Química 
260 |a [Barcelona :  |b Oliva de Vilanova, impr.,  |c 1915] 
300 |a [8] p. ;  |c 26 cm 
590 |a Conté un plànol del laboratorio.  
590 |a Prové de 2884, exp. 4.  
590 |a Hi ha un duplicat a: DUP-186-63 
650 |a Escola Industrial de Barcelona  |x Currículums  |9 38815 
856 4 |u https://media.diba.cat/diba/fitxers/arxiu/fulletons/bib_16164_1915_baixa.pdf  |y Accés lliure 
856 4 |u https://media.diba.cat/diba/fitxers/arxiu/fulletons/bib_16164_1915_baixa.pdf  |y Accés lliure 
901 |a Arxiu 
942 |n 1  |2 udc 
952 |0 0  |1 0  |4 0  |6 RF1424  |7 1  |9 54650  |a Arxiu  |b Arxiu  |d 2016-12-01  |l 0  |o RF-14-24  |p 16164  |r 2016-12-01 00:00:00  |w 2016-12-01  |y ARXIU 
999 |c 58519  |d 58519 
900 |a bib_16164_1915_baixa.pdf